|
|
|
|
| LEADER |
01056nam a2200265 a 4500 |
| 001 |
2796694 |
| 008 |
091008s1980 onc b 000 0 eng d |
| 010 |
|
|
|a 81180397
|
| 020 |
|
|
|a 0774402164
|
| 040 |
|
|
|a DLC
|c DLC
|d DLC
|
| 082 |
0 |
0 |
|a 371.94
|2 19
|
| 100 |
1 |
|
|a Butler, Lenora F.
|q (Lenora Frances),
|d 1943-
|
| 245 |
1 |
0 |
|a Releasing children from depression :
|b a handbook for elementary teachers and consultants /
|c Lenora F. Butler, Solveiga Miezitis.
|
| 260 |
|
|
|a Ontario :
|b OISE Press,
|c c1980.
|
| 300 |
|
|
|a vii, 56 p. ;
|c 23 cm.
|
| 490 |
0 |
|
|a Profiles in practical education ;
|v 12
|
| 504 |
|
|
|a Includes Bibliography (p. 37-38.)
|
| 541 |
1 |
|
|e 00001653
|
| 650 |
|
0 |
|a Problem children
|x Education.
|
| 650 |
|
0 |
|a Behavior modification.
|
| 650 |
|
0 |
|a Depression in children.
|
| 700 |
1 |
|
|a Miezitis, Solveiga.
|
| 852 |
4 |
|
|a Ayesha Abed Library
|j General shelf
|
| 999 |
|
|
|c 4461
|d 4461
|
| 952 |
|
|
|0 0
|1 0
|2 ddc
|4 0
|6 371_940000000000000_BUT_1980
|7 0
|9 4172
|a BRACUL
|b BRACUL
|c GEN
|d 2009-10-11
|g 336.00
|l 1
|o 371.94 BUT
|p 3010001653
|r 2014-09-23
|s 2014-09-20
|t 1
|v 672.00
|w 2009-10-11
|y BK
|